000 00596nas a2200217 4500
001 BR9202323
003 BR-BrBNA
005 20231205092459.0
007 ta
008 230509b bl.|||p| |||| 00| 00por d
040 _aBR-BrBNA
_bpor
_cBiblioteca Nacional de Agricultura
041 _a(Pt)
072 _aF01
100 1 _aAnon.
245 1 _aMorango; uma cultura rentavel
650 _aMORANGO
650 _aPRATICA CULTURAL
773 0 _tToda Fruta (Brazil)
_xISSN 0102-7166
_g(Aug 1989), v. 4(37) p. 29-30
_wBR9202323
909 _a202311
_bLúcia
_c55
_dLúcia Elande
942 _2AGRIS
_n0
_cANA
999 _c132030
_d132030